000 00666nam a2200193Ia 4500
003 GCL
008 140319s9999 xx 000 0 ara d
040 _aGCL /
_cGCL
082 0 4 _a251.222
_bع ق
100 1 _aعبدالفتاح محمود ادريس
245 1 0 _aقضايا طيبة من منظور الاسلامى بحث فقهى مقارن /
_cعبدالفتاح محمود ادريس
260 _a[S.N] :
_bلجنة الاعلام والدراسات المستقبلية ،
_c1993
300 _a166 ص
490 _a
650 0 4 _aالاحكام الشرعية
650 0 4 _aالاحكام
650 0 4 _aالفقه الاسلامى
942 _2ddc
_cBK
999 _c54081
_d54081